[Event "Solingen-ch"]
[Site "Solingen"]
[Date "2015.09.18"]
[Round "2"]
[White "Schubert, Stefan"]
[Black "Meyer zu Kniendorf, Jochen"]
[Result "0-1"]
[WhiteElo "1133"]
[BlackElo "1670"]
[PlyCount "94"]
[EventDate "2015.09.04"]
[EventType "swiss"]
[EventRounds "7"]
[EventCountry "GER"]
[SourceTitle "EXT 2018"]
[Source "ChessBase"]
[SourceDate "2017.10.13"]
[SourceVersion "1"]
[SourceVersionDate "2017.10.13"]
[SourceQuality "1"]

1. e4 g6 2. Bc4 Bg7 3. Nf3 d6 4. 0-0 Nd7 5. d3 h6 6. Nc3 a6 7. Rb1 c6 8. Be3 b5 9. Bb3 a5 10. a4 b4 11. Ne2 Nc5 12. c4 Nxb3 13. Qxb3 c5 14. d4 Qc7 15. Nf4 e6 16. Rfe1 Ne7 17. d5 e5 18. h3 exf4 19. Bxf4 f6 20. Bh2 0-0 21. Nd2 f5 22. Rbd1 f4 23. Nf3 g5 24. Rd3 Ng6 25. Nd2 Ne5 26. Rf3 Qf7 27. g4 Nxf3+ 28. Nxf3 Re8 29. Qc2 Bd7 30. b3 Re7 31. Nd2 Bd4 32. Kf1 h5 33. Nf3 Bf6 34. e5 dxe5 35. Qe4 Rae8 36. d6 Re6 37. Qd5 e4 38. Nxg5 Bxg5 39. Qxg5+ Qg6 40. Qxc5 Rxd6 41. Bxf4 Rf6 42. gxh5 Bxh3+ 43. Ke2 Qg4+ 44. Ke3 Qxf4+ 45. Kd4 Rd8+ 46. Qd5+ Rxd5+ 47. cxd5 Qxf2+ 0-1

[Event "Dortmund Sparkassen op-B"]
[Site "Dortmund"]
[Date "2015.06.29"]
[Round "3"]
[White "Runte, Moritz"]
[Black "Meyer zu Kniendorf, Jochen"]
[Result "1-0"]
[WhiteElo "1688"]
[BlackElo "1565"]
[PlyCount "47"]
[EventDate "2015.06.27"]
[EventType "swiss"]
[EventRounds "9"]
[EventCountry "GER"]
[SourceTitle "CBM 167 Extra"]
[Source "ChessBase"]
[SourceDate "2015.09.14"]
[SourceVersion "1"]
[SourceVersionDate "2015.09.14"]
[SourceQuality "1"]

1. e4 e5 2. Nf3 Nc6 3. Bc4 Bc5 4. c3 Nf6 5. d4 exd4 6. cxd4 Bb4+ 7. Nc3 Nxe4 8. 0-0 Bxc3 9. d5 Bf6 10. Re1 Ne7 11. Rxe4 d6 12. Bg5 Bxg5 13. Nxg5 h6 14. Qe2 hxg5 15. Re1 0-0 16. Rxe7 Bd7 17. Qh5 g6 18. Qxg5 Re8 19. Qf6 Rxe7 20. Rxe7 Be8 21. Bd3 Kf8 22. Bxg6 c6 23. Rxf7+ Bxf7 24. Qxf7# 1-0